Abandoned tenancies and unlawful eviction (Record no. 118056)

MARC details
000 -LEADER
fixed length control field 02357cam a2200433 4500
001 - CONTROL NUMBER
control field ABS68259
008 - FIXED-LENGTH DATA ELEMENTS--GENERAL INFORMATION
fixed length control field 040927n2004 000 0 eng u
035 ## - SYSTEM CONTROL NUMBER
System control number (Sirsi) u127527
100 ## - MAIN ENTRY--PERSONAL NAME
Personal name Ives, P.
245 ## - TITLE STATEMENT
Title Abandoned tenancies and unlawful eviction
260 ## - PUBLICATION, DISTRIBUTION, ETC.
Date of publication, distribution, etc. 2004
490 ## - SERIES STATEMENT
Series statement Letting Update Journal
Volume/sequential designation 12(2) July 2004, 15-22(4)
520 ## - SUMMARY, ETC.
Summary, etc. Covers the rules concerning surrender and abandonment of residential tenancies and aims to assist landlords in securing and retaking possession of abandoned property in such situations. Looks at: express surrender; tenant liability to pay rent; issues involving joint tenancies; joint occupancy and remaining occupiers; evidence of surrender; and abandonment clauses. Examines further the landlord's right to enter and secure, the legal position regarding unlawful eviction and harassment and the landlord's defences against these charges, tenant personal effects and the act of taking possession. Concludes that the law provides little support to the landlord whose tenant has abandoned the property and suggests where there is reasonable doubt as to whether the tenant has permanently vacated the premises, the safest solution is to terminate the tenancy by issuing formal notice and commencing possession proceedings. Provides an example notice of intention to possess. References. Fifth article in a series on housing possession. (See also Abs67005).
590 ## - LOCAL NOTE (RLIN)
Local note ABS
590 ## - LOCAL NOTE (RLIN)
Local note ABS
650 ## - SUBJECT ADDED ENTRY--TOPICAL TERM
Topical term or geographic name entry element O'REILLY V WEBB
650 ## - SUBJECT ADDED ENTRY--TOPICAL TERM
Topical term or geographic name entry element LEEK AND MOORLANDS BUILDING SOCIETY V CLARK
650 ## - SUBJECT ADDED ENTRY--TOPICAL TERM
Topical term or geographic name entry element PRESTON BC V FAIRCLOUGH
650 ## - SUBJECT ADDED ENTRY--TOPICAL TERM
Topical term or geographic name entry element HANNAFORD V SELBY
650 ## - SUBJECT ADDED ENTRY--TOPICAL TERM
Topical term or geographic name entry element E AND L BERG HOMES LTD V GRAY
650 ## - SUBJECT ADDED ENTRY--TOPICAL TERM
Topical term or geographic name entry element LAND AND MITCHELL V CADWALLDER AND CADWALLADER
650 ## - SUBJECT ADDED ENTRY--TOPICAL TERM
Topical term or geographic name entry element CRIMINAL LAW ACT 1977 S6(1)
650 ## - SUBJECT ADDED ENTRY--TOPICAL TERM
Topical term or geographic name entry element PROTECTION FROM EVICTION ACT 1977S1(3)
650 ## - SUBJECT ADDED ENTRY--TOPICAL TERM
Topical term or geographic name entry element PROTECTION FROM EVICTION ACT 1977 S1(2)
650 ## - SUBJECT ADDED ENTRY--TOPICAL TERM
Topical term or geographic name entry element HOUSING ACT 1988 S27
650 ## - SUBJECT ADDED ENTRY--TOPICAL TERM
Topical term or geographic name entry element HOUSING ACT 1988 S28
650 ## - SUBJECT ADDED ENTRY--TOPICAL TERM
Topical term or geographic name entry element HOUSING ACT 1988 S27(6)
650 ## - SUBJECT ADDED ENTRY--TOPICAL TERM
Topical term or geographic name entry element TERMINATION
650 ## - SUBJECT ADDED ENTRY--TOPICAL TERM
Topical term or geographic name entry element PERSONAL EFFECTS
650 ## - SUBJECT ADDED ENTRY--TOPICAL TERM
Topical term or geographic name entry element CHAMBERLAIN V SCALLEY
650 ## - SUBJECT ADDED ENTRY--TOPICAL TERM
Topical term or geographic name entry element PROTECTION FROM EVICTION ACT 1977S1(3)A
650 ## - SUBJECT ADDED ENTRY--TOPICAL TERM
Topical term or geographic name entry element HARASSMENT
650 ## - SUBJECT ADDED ENTRY--TOPICAL TERM
Topical term or geographic name entry element RENTS
650 ## - SUBJECT ADDED ENTRY--TOPICAL TERM
Topical term or geographic name entry element POSSESSION
650 ## - SUBJECT ADDED ENTRY--TOPICAL TERM
Topical term or geographic name entry element ABANDONMENT
650 ## - SUBJECT ADDED ENTRY--TOPICAL TERM
Topical term or geographic name entry element UNLAWFUL EVICTION
690 ## - LOCAL SUBJECT ADDED ENTRY--TOPICAL TERM (OCLC, RLIN)
Topical term or geographic name as entry element LANDLORD AND TENANT-RESIDENTIAL TENANCIES
942 ## - ADDED ENTRY ELEMENTS (KOHA)
Suppress in OPAC 0
Holdings
Withdrawn status Lost status Source of classification or shelving scheme Damaged status Not for loan Home library Current library Shelving location Date acquired Total Checkouts Full call number Barcode Date last seen Copy number Price effective from Koha item type
    Dewey Decimal Classification     London London Journal article 27/09/2004   ABS68259 127527-1001 06/08/2019 1 06/08/2019 Journal article